| 000 | 01386cam a2200325 a 4500 | ||
|---|---|---|---|
| 003 | OSt | ||
| 005 | 20140310184339.0 | ||
| 008 | 000607s2002 nyua j 000 0 eng | ||
| 010 | _a 00044867 | ||
| 020 | _a0439461200 | ||
| 040 |
_aDLC _cDLC _dDLC |
||
| 042 | _alcac | ||
| 050 | 0 | 0 |
_aQP 443 _b.M978 2003 |
| 100 | 1 |
_aMurphy, Stuart J., _d1942- _924350 |
|
| 245 | 1 | 0 |
_aBug dance / _cStuart J. Murphy ; illustrated by Christopher Santoro. |
| 260 |
_aNew York : _bHarperCollins Publishers, _c2003. |
||
| 300 |
_a33 p. : _bcol. ill. ; _c20 cm. |
||
| 490 | 1 | _aMathStart | |
| 521 | _aG1 | ||
| 526 | _c100 | ||
| 650 | 0 |
_aOrientation _vJuvenile literature. _924351 |
|
| 650 | 1 |
_aOrientation. _924352 |
|
| 700 | 1 |
_aSantoro, Christopher, _eill. _924353 |
|
| 800 | 1 |
_aMurphy, Stuart J., _d1942- _tMathStart. _924354 |
|
| 856 | 4 | 2 |
_3Publisher description _uhttp://www.loc.gov/catdir/description/hc043/00044867.html |
| 906 |
_a7 _bcbc _corignew _d1 _eocip _f20 _gy-gencatlg |
||
| 942 |
_2lcc _cBK-SCHOLAS |
||
| 999 |
_c33789 _d33789 |
||